Pokemon Not in Scarlet/Violet - Statistics

General Stats
  • This quiz has been taken 19 times
  • The average score is 221 of 292
Answer Stats
Answer % Correct
Beedrill
100%
Butterfree
100%
Caterpie
100%
Fearow
100%
Kabuto
100%
Kabutops
100%
Kakuna
100%
Metapod
100%
Nidoking
100%
Nidoqueen
100%
Nidoran
100%
Nidorina
100%
Nidorino
100%
Omanyte
100%
Omastar
100%
Pidgeot
100%
Pidgeotto
100%
Pidgey
100%
Raticate
100%
Rattata
100%
Spearow
100%
Weedle
100%
Absol
83%
Aegislash
83%
Aerodactyl
83%
Aggron
83%
Aron
83%
Aurorus
83%
Beautifly
83%
Blipbug
83%
Boltund
83%
Buzzwole
83%
Carracosta
83%
Cascoon
83%
Celebi
83%
Centiskorch
83%
Corsola
83%
Crobat
83%
Cubone
83%
Cursola
83%
Delcatty
83%
Dottler
83%
Doublade
83%
Dubwool
83%
Durant
83%
Dustox
83%
Eldegoss
83%
Electrike
83%
Exploud
83%
Farfetch'd
83%
Garbodor
83%
Glameow
83%
Golbat
83%
Goldeen
83%
Golisopod
83%
Gossifleur
83%
Guzzlord
83%
Heatmor
83%
Honedge
83%
Jynx
83%
Kangaskhan
83%
Kartana
83%
Kingler
83%
Krabby
83%
Lairon
83%
Ledian
83%
Ledyba
83%
Lickilicky
83%
Lickitung
83%
Linoone
83%
Loudred
83%
Machamp
83%
Machoke
83%
Machop
83%
Manectric
83%
Mantine
83%
Mantyke
83%
Marowak
83%
Marshadow
83%
Mawile
83%
Miltank
83%
Mime Jr.
83%
Mr. Mime
83%
Mr. Rime
83%
Naganadel
83%
Natu
83%
Nincada
83%
Ninjask
83%
Obstagoon
83%
Octillery
83%
Onix
83%
Orbeetle
83%
Palpitoad
83%
Pancham
83%
Pangoro
83%
Paras
83%
Parasect
83%
Patrat
83%
Pheromosa
83%
Pinsir
83%
Poipole
83%
Ponyta
83%
Purugly
83%
Remoraid
83%
Scolipede
83%
Seaking
83%
Seismitoad
83%
Shedinja
83%
Shuckle
83%
Silcoon
83%
Sirfetch'd
83%
Sizzlipede
83%
Skitty
83%
Smoochum
83%
Stakataka
83%
Starmie
83%
Staryu
83%
Steelix
83%
Stunfisk
83%
Swellow
83%
Swoobat
83%
Taillow
83%
Tangela
83%
Tangrowth
83%
Tirtouga
83%
Togekiss
83%
Togepi
83%
Togetic
83%
Trubbish
83%
Tympole
83%
Tyrantrum
83%
Unown
83%
Vanillish
83%
Vanillite
83%
Vanilluxe
83%
Venipede
83%
Watchog
83%
Whirlipede
83%
Whismur
83%
Wimpod
83%
Wobbuffet
83%
Woobat
83%
Wooloo
83%
Wurmple
83%
Wynaut
83%
Xatu
83%
Xerneas
83%
Xurkitree
83%
Yamper
83%
Yveltal
83%
Zigzagoon
83%
Zubat
83%
Zygarde
83%
Abra
67%
Alakazam
67%
Amaura
67%
Anorith
67%
Archen
67%
Archeops
67%
Arctovish
67%
Arctozolt
67%
Armaldo
67%
Aromatisse
67%
Audino
67%
Baltoy
67%
Beheeyem
67%
Bewear
67%
Blacephalon
67%
Boldore
67%
Bouffalant
67%
Budew
67%
Buneary
67%
Bunnelby
67%
Burmy
67%
Carnivine
67%
Carvanha
67%
Castform
67%
Chatot
67%
Clamperl
67%
Claydol
67%
Clobbopus
67%
Cofagrigus
67%
Cradily
67%
Crustle
67%
Diggersby
67%
Dracovish
67%
Dracozolt
67%
Drampa
67%
Druddigon
67%
Dwebble
67%
Elgyem
67%
Emolga
67%
Ferroseed
67%
Ferrothorn
67%
Frillish
67%
Furfrou
67%
Genesect
67%
Gorebyss
67%
Gourgeist
67%
Grapploct
67%
Heliolisk
67%
Helioptile
67%
Herdier
67%
Huntail
67%
Jellicent
67%
Kadabra
67%
Kecleon
67%
Klang
67%
Klink
67%
Klinklang
67%
Liepard
67%
Lileep
67%
Lillipup
67%
Lopunny
67%
Lunatone
67%
Maractus
67%
Melmetal
67%
Meltan
67%
Morelull
67%
Mothim
67%
Munna
67%
Musharna
67%
Nickit
67%
Nihilego
67%
Panpour
67%
Pansage
67%
Pansear
67%
Pidove
67%
Pumpkaboo
67%
Purrloin
67%
Pyukumuku
67%
Rapidash
67%
Relicanth
67%
Roggenrola
67%
Roselia
67%
Roserade
67%
Runerigus
67%
Sawk
67%
Sealeo
67%
Sharpedo
67%
Shiinotic
67%
Sigilyph
67%
Silvally
67%
Simipour
67%
Simisage
67%
Simisear
67%
Slurpuff
67%
Solrock
67%
Spheal
67%
Spinda
67%
Spritzee
67%
Stoutland
67%
Stufful
67%
Swirlix
67%
Tapu Bulu
67%
Tapu Fini
67%
Tapu Koko
67%
Tapu Lele
67%
Thievul
67%
Throh
67%
Togedemaru
67%
Tranquill
67%
Turtonator
67%
Type: Null
67%
Tyrunt
67%
Unfezant
67%
Victini
67%
Wailmer
67%
Wailord
67%
Walrein
67%
Wishiwashi
67%
Wormadam
67%
Yamask
67%
Zeraora
67%
Accelgor
50%
Barbaracle
50%
Bibarel
50%
Bidoof
50%
Binacle
50%
Celesteela
50%
Cherrim
50%
Cherubi
50%
Darmanitan
50%
Darumaka
50%
Dhelmise
50%
Drapion
50%
Escavalier
50%
Gigalith
50%
Karrablast
50%
Shelmet
50%
Skorupi
50%
No matching quizzes found
Score Distribution
Percent of People with Each Score
Percentile by Number Answered
Your Score History
You have not taken this quiz